| 000 | 00611cam a2200181 4500 | ||
|---|---|---|---|
| 001 | D9036 | ||
| 008 | 090401t1971 xxu||||| |||| 00| 0 eng d | ||
| 035 | _a(Sirsi) u17067 | ||
| 041 | _aeng | ||
| 050 | _a692.5 | ||
| 100 | _aStewart, Edwin P | ||
| 245 | _aTechniques for preparing a bill of quantities: a course of fourteen graduated exercises and lessons (with model answers and text papers) leading to the acquisition of the skills of the specialist taker-off and worker-up | ||
| 260 |
_aLondon _bE and F N Spon _c1971 |
||
| 300 | _avii. 264p. 21cm | ||
| 350 | _a1.75 | ||
| 942 | _n0 | ||
| 948 | _c04/03/1997 | ||
| 999 |
_c87470 _d87470 |
||